Fundamental problems in solar activity : proceedings of Symposium E3 of the COSPAR Twenty-Ninth Plenary Meeting held in Washington, D.C., USA, 28 August-5 September, 1992 /
Saved in:
| Corporate Authors: | , |
|---|---|
| Other Authors: | , |
| Format: | Book |
| Language: | English |
| Published: |
Oxford, [England] ; New York :
published for The Committee on Space Research by Pergamon Press,
1993.
|
| Edition: | 1st ed. |
| Series: | Advances in space research ;
v. 13, no. 9. |
| Subjects: | |
| Tags: |
Add Tag
No Tags, Be the first to tag this record!
|
| LEADER | 02005cam a2200337Ia 4500 | ||
|---|---|---|---|
| 001 | 007731029-2 | ||
| 005 | 20020606104010.5 | ||
| 008 | 930909s1993 enka b 101 0 eng d | ||
| 020 | |a 0080423396 | ||
| 035 | 0 | |a ocm28858419 | |
| 040 | |a PUL |c PUL |d CUY |d UIU |d SQD | ||
| 050 | 4 | |a QC801 |b .A48 v.13 no.9 | |
| 090 | |a QB524 |b .C67 1992 | ||
| 245 | 0 | 0 | |a Fundamental problems in solar activity : |b proceedings of Symposium E3 of the COSPAR Twenty-Ninth Plenary Meeting held in Washington, D.C., USA, 28 August-5 September, 1992 / |c edited by M. Pick and M.E. Machado. |
| 250 | |a 1st ed. | ||
| 260 | |a Oxford, [England] ; |a New York : |b published for The Committee on Space Research by Pergamon Press, |c 1993. | ||
| 300 | |a x, 459 p. : |b ill. ; |c 27 cm. | ||
| 490 | 1 | |a Advances in space research, |x 0273-1177 ; |v v. 13, no. 9 | |
| 504 | |a Includes bibliographical references. | ||
| 505 | 0 | |a Introduction -- sec. 1. Magnetic field organization -- sec. 2. Interplanetary magnetic field and solar wind -- sec. 3. Heating energy storage and stability -- sec. 4. Flare triggering and flare energy release -- sec. 5. High energy processes -- sec. 6. High energy processes and effects -- sec. 7. Interplanetary medium and particle propagation -- sec. 8. Elemental abundances -- sec. 9. Project and new facilities -- sec. 10. Long term variablity, solar prediction. | |
| 650 | 0 | |a Solar activity |v Congresses. | |
| 650 | 0 | |a Solar magnetic fields |v Congresses. | |
| 655 | 7 | |a Conference proceedings. |2 fast | |
| 700 | 1 | |a Pick, Monique. | |
| 700 | 1 | |a Machado, M. E. |q (Marcos E.) | |
| 710 | 2 | |a COSPAR. |b Plenary Meeting |n (29th : |d 1992 : |c Washington, D.C.) | |
| 710 | 2 | |a COSPAR. | |
| 776 | 0 | 8 | |i Online version: |a COSPAR. Plenary Meeting (29th : 1992 : Washington, D.C.). |t Fundamental problems in solar activity. |b 1st ed. |d Oxford ; New York : Published for the Committee on Space Research by Pergamon Press, 1993 |w (OCoLC)652147436 |
| 830 | 0 | |a Advances in space research ; |v v. 13, no. 9. |x 0273-1177 | |
| 988 | |a 20020608 | ||
| 906 | |0 OCLC | ||


